<?xml version="1.0" encoding="UTF-8"?>
<record
    xmlns:xsi="http://www.w3.org/2001/XMLSchema-instance"
    xsi:schemaLocation="http://www.loc.gov/MARC21/slim http://www.loc.gov/standards/marcxml/schema/MARC21slim.xsd"
    xmlns="http://www.loc.gov/MARC21/slim">

  <leader>00970nam a22002897a 4500</leader>
  <controlfield tag="003">dpl</controlfield>
  <controlfield tag="005">20170123164203.0</controlfield>
  <controlfield tag="008">161127b        xxu||||| |||| 00| 0 eng d</controlfield>
  <datafield tag="010" ind1=" " ind2=" ">
    <subfield code="a">B-082567</subfield>
  </datafield>
  <datafield tag="020" ind1=" " ind2=" ">
    <subfield code="c">44.00</subfield>
  </datafield>
  <datafield tag="035" ind1=" " ind2=" ">
    <subfield code="a">B-082567</subfield>
  </datafield>
  <datafield tag="037" ind1=" " ind2=" ">
    <subfield code="b">Cen Lib/Ret</subfield>
  </datafield>
  <datafield tag="040" ind1=" " ind2=" ">
    <subfield code="a">DPL</subfield>
    <subfield code="b">PN</subfield>
    <subfield code="c">TIT</subfield>
  </datafield>
  <datafield tag="082" ind1=" " ind2=" ">
    <subfield code="a">401</subfield>
    <subfield code="b">&#xA17;&#xA41;&#xA23;&#xA47;&#xA2A;&#xA40;</subfield>
  </datafield>
  <datafield tag="100" ind1=" " ind2=" ">
    <subfield code="a">&#xA17;&#xA41;&#xA23;&#xA47;, &#xA2A;&#xA40;.&#xA21;&#xA40;</subfield>
    <subfield code="9">73</subfield>
  </datafield>
  <datafield tag="245" ind1=" " ind2=" ">
    <subfield code="a">&#xA24;&#xA41;&#xA32;&#xA28;&#xA3E;&#xA24;&#xA2E;&#xA15; &#xA2D;&#xA3E;&#xA38;&#xA3C;&#xA3E; &#xA35;&#xA3F;&#xA17;&#xA3F;&#xA06;&#xA28; /</subfield>
    <subfield code="c">&#xA2A;&#xA40;.&#xA21;&#xA40; &#xA17;&#xA41;&#xA23;&#xA47;</subfield>
  </datafield>
  <datafield tag="246" ind1=" " ind2=" ">
    <subfield code="a">Tulanatmik bhasha vigyan /</subfield>
    <subfield code="b">by P.D.Gune</subfield>
  </datafield>
  <datafield tag="250" ind1=" " ind2=" ">
    <subfield code="a">2nd ed.</subfield>
  </datafield>
  <datafield tag="260" ind1=" " ind2=" ">
    <subfield code="a">&#xA2A;&#xA70;&#xA1C;&#xA3E;&#xA2C;</subfield>
    <subfield code="b">&#xA2D;&#xA3E;&#xA38;&#xA3C;&#xA3E; &#xA35;&#xA3F;&#xA2D;&#xA3E;&#xA17;</subfield>
    <subfield code="c">2001</subfield>
  </datafield>
  <datafield tag="270" ind1=" " ind2=" ">
    <subfield code="b">&#xA2A;&#xA70;&#xA1C;&#xA3E;&#xA2C;</subfield>
  </datafield>
  <datafield tag="300" ind1=" " ind2=" ">
    <subfield code="a">356p. </subfield>
    <subfield code="c">24cm(Hb)</subfield>
  </datafield>
  <datafield tag="650" ind1=" " ind2=" ">
    <subfield code="a">Language Philosophy &amp; theory</subfield>
    <subfield code="9">138557</subfield>
  </datafield>
  <datafield tag="650" ind1=" " ind2=" ">
    <subfield code="a"> language</subfield>
    <subfield code="9">21549</subfield>
  </datafield>
  <datafield tag="650" ind1=" " ind2=" ">
    <subfield code="a">&#xA2D;&#xA3E;&#xA38;&#xA3C;&#xA3E; &#xA2B;&#xA3F;&#xA32;&#xA3E;&#xA38;&#xA2B;&#xA40; &amp; &#xA25;&#xA3F;&#xA0A;&#xA30;&#xA40;</subfield>
    <subfield code="9">138558</subfield>
  </datafield>
  <datafield tag="650" ind1=" " ind2=" ">
    <subfield code="a">&#xA2D;&#xA3E;&#xA38;&#xA3C;&#xA3E;</subfield>
    <subfield code="9">138559</subfield>
  </datafield>
  <datafield tag="942" ind1=" " ind2=" ">
    <subfield code="2">ddc</subfield>
    <subfield code="c">PN</subfield>
    <subfield code="h">401</subfield>
    <subfield code="m">&#xA17;&#xA41;&#xA23;&#xA47;&#xA2A;&#xA40;</subfield>
  </datafield>
  <datafield tag="999" ind1=" " ind2=" ">
    <subfield code="c">111185</subfield>
    <subfield code="d">111185</subfield>
  </datafield>
  <datafield tag="952" ind1=" " ind2=" ">
    <subfield code="0">0</subfield>
    <subfield code="1">0</subfield>
    <subfield code="2">ddc</subfield>
    <subfield code="4">0</subfield>
    <subfield code="7">1</subfield>
    <subfield code="8">REF</subfield>
    <subfield code="a">L</subfield>
    <subfield code="b">L</subfield>
    <subfield code="d">2016-03-17</subfield>
    <subfield code="e">Cen Lib/Ret</subfield>
    <subfield code="g">44.00</subfield>
    <subfield code="l">0</subfield>
    <subfield code="o">401 &#xA17;&#xA41;&#xA23;&#xA47;&#xA2A;&#xA40;</subfield>
    <subfield code="p">B-082567</subfield>
    <subfield code="r">2016-03-17 00:00:00</subfield>
    <subfield code="t">1</subfield>
    <subfield code="v">44.00</subfield>
    <subfield code="w">2016-03-17</subfield>
    <subfield code="y">PN</subfield>
  </datafield>
</record>
